Ética para Celia : (Record no. 209202)

MARC details
000 -CABECERA
campo de control de longitud fija 00960nam a2200241 a 4500
005 - FECHA Y HORA DE LA ÚLTIMA TRANSACCIÓN
campo de control 20230309120535.0
008 - DATOS DE LONGITUD FIJA--INFORMACIÓN GENERAL
campo de control de longitud fija 230222t2021 sp |||||r|||| 000 0 spa d
020 ## - NÚMERO INTERNACIONAL NORMALIZADO PARA LIBROS
Número Internacional Normalizado del libro 9788466665537
040 ## - FUENTE DE CATALOGACIÓN
Agencia de catalogación original MX-MxUPN
Idioma de catalogación spa
Agencia que realiza la transcripción MX-MxUPN
041 0# -
-- spa
050 00 -
-- BJ1142
-- M54 2021
100 1# -
-- Miguel Álvarez, Ana de
-- 48188
245 10 - MENCIÓN DE TÍTULO
Título Ética para Celia :
Parte restante del título contra la doble verdad
250 ## - MENCIÓN DE EDICIÓN
Mención de edición Primera edición.
260 ## - PUBLICACION, DISTRIBUCION, ETC. (PIE DE IMPRENTA)
Lugar de publicación, distribución, etc. Barcelona :
Nombre del editor, distribuidor, etc. B,
Fecha de publicación, distribución, etc. 2021, (reimpresión de 2022)
300 ## - DESCRIPCIÓN FÍSICA
Extensión 364 páginas
520 ## -
-- "Ética para Celia nos invita a mirar de fente la realidad, el hecho de que nuestra vida se ha levantado sobre una doble verdad, con normas morales y fines vitales distintos para mujeres y hombres. Esta doble verdad se ha ido transformadno, pero no ha desaparecido".
650 #4 -
-- Ética
-- Diferencias sexuales
-- 48191
902 ## - ELEMENTOS DE DATOS B LOCAL, LDB (RLIN)
Creó MarisolLicea/220223
Modificó Víctor Ruiz/090323
942 ## - ELEMENTOS DE PUNTO DE ACCESO ADICIONAL (KOHA)
Fuente del sistema de clasificación o colocación Library of Congress Classification
Tipo de ítem Koha Libro
Holdings
Estado de retiro Estado de pérdida Fuente del sistema de clasificación o colocación Estado dañado No para préstamo Código de colección Localización permanente Ubicación/localización actual Ubicación en estantería Fecha de adquisición Total de préstamos Renovaciones totales Signatura topográfica completa Código de barras Fecha visto por última vez Fecha del último préstamo Precio válido a partir de Tipo de ítem Koha Nota pública Número de copia
    Library of Congress Classification     Colección General Bib. Gregorio Torres Quintero Bib. Gregorio Torres Quintero Planta baja 22/02/2023 2 1 BJ1142 M54 2021 336300 07/06/2024 30/05/2024 22/02/2023 Libro Bibliografía de la Unidad de Igualdad de Género e Inclusión  
    Library of Congress Classification     Colección General Bib. Gregorio Torres Quintero Bib. Gregorio Torres Quintero Planta baja 22/02/2023 1   BJ1142 M54 2021 336301 13/09/2023 12/09/2023 22/02/2023 Libro Bibliografía de la Unidad de Igualdad de Género e Inclusión Ej. 2